000 02068cam a22004934i 4500
003 PE-LiUPU
005 20250731173306.0
008 150625s2002 sp a rb 000 0 spa d
020 _a8429314350
035 _a(Sirsi) i9788429314359
040 _aPE-LiUPU
_bspa
_cPE-LiUPU
_erda
049 _aPRUA
082 0 4 _a220.61
_bQ23
_221
100 1 _aQuesnel, Michel,
_eautor.
245 1 3 _aLa Biblia y su cultura :
_bAntiguo Testamento /
_cMichel Quesnel y Philippe Gruson dir.
264 1 _aBilbao, España :
_bSal Terrae,
_c2002.
300 _a575 páginas :
_bilustraciones, gráficos, láminas, mapas ;
_c23 centímetros.
336 _atext
_2rdacontent
337 _aunmediated
_2rdamedia
338 _avolume
_2rdacarrier
490 0 _aColección "Presencia Teológica"
500 _aIndices múltiples.
504 _aIncluye referencias bibliográficas "Glosario" : ( A-Z ).
505 0 _aEl antiguo Oriente entre los años 2000 y 1400. -El libro de Génesis. -El antiguo Oriente entre los años 1400 y 1030. -El Éxodo. -Israel en Canaán. -Los textos: la historia deuteragonista. -La historia de Israel, de Saúl al destierro. -Las instituciones de Israel. -La historia: del destierro a Jesús. -La formación del judaísmo.
526 _aSEG42
526 _aSEG41
526 _aSEG40
526 _aSEG39
526 _aP94
526 _aP87
526 _aP86
526 _aP85
526 _aP77
526 _aP76
526 _aP35
541 _g007-0017629;
630 _aBiblia.
_pA.T.
_xIntroducciones.
700 1 _aGruson, Philippe,
_edirector.
942 _2ddc
_cBOOK
949 _a220.61 Q23
_wDEWEY
_c1
_i55912
_d2016-6-8
_e2016-6-5
_lCCODEBUL1
_mBUL
_n2
_p48.00
_r0
_sY
_tBOOK
_u2015-6-25
_xTEOLOGIA
_zUNKNOWN
_0COMPRA
_o.STAFF. Colección General
994 _aC0
_bPEPRU
596 _a1
999 _a220.61 Q23
_wDEWEY
_c44750
_i55912
_d44750
_e2017-10-31
_f2021-11-9
_g5
_lCCODEBUL1
_mBUL
_n6
_p48.00
_q12
_r0
_sY
_tBOOK
_u2015-6-25
_xTEOLOGIA
_PP35
_0COMPRA
_o.STAFF. Colección Teología
980 _81
_gALBERTO SANCHEZ Responsable de Automatización